De verteerbaarheid en voederwaarde van gewone en tot brokjes geperste droge pulp /

Bibliographic Details
Main Author: Dijkstra, N. D.
Format: Book
Language:Dutch
Published: Wageningen : Centrum voor Landbouwpublikaties en Landbouwdocumentatie, 1960.
Series:Verslagen van landbouwkundige onderzoekingen ; 66.12.
Subjects:

MARC

Tag First Indicator Second Indicator Subfields
LEADER 00000cam a2200000 4500
001 in00000293521
005 20151010085641.0
008 790703s1960 ne a 00000 dut d
035 |a (OCoLC)05133002 
035 |9 ABG3318AM 
040 |a TXA  |c TXA  |d UtOrBLW 
041 0 |a dut  |b eng 
049 |a TXAM  |c [802731] 
090 |a S239  |b .A37 no.66.12 
100 1 |a Dijkstra, N. D. 
245 1 3 |a De verteerbaarheid en voederwaarde van gewone en tot brokjes geperste droge pulp /  |c With a summary: The digestibility and feeding value of dried beetpulp and beetpulp pellets. 
264 1 |a Wageningen :  |b Centrum voor Landbouwpublikaties en Landbouwdocumentatie,  |c 1960. 
300 |a 12 pages :  |b illustrations 
336 |a text  |b txt  |2 rdacontent 
337 |a unmediated  |b n  |2 rdamedia 
338 |a volume  |b nc  |2 rdacarrier 
490 1 |a Verslagen van landbouwkundige onderzoekingen ;  |v no. 66.12 
650 0 |a Forage plants. 
650 0 |a Beets as feed. 
830 0 |a Verslagen van landbouwkundige onderzoekingen ;  |v 66.12. 
999 |a MARS 
999 f f |s d84a302b-d48b-395e-bf9d-9905b28134ac  |i 46d4a794-15d7-39df-867e-c8c9c0ce62c3  |t 0 
952 f f |p ric  |a Texas A&M University  |b Rellis Campus  |c Joint Library Facility  |d Remote Storage  |t 0  |e S239 .A37 no.66.12  |h Library of Congress classification  |i unmediated -- volume  |m A14805165658 
998 f f |a S239 .A37 no.66.12  |t 0  |l Remote Storage